Fight Club Trivia - Statistics

General Stats
  • This quiz has been taken 178 times
  • The average score is 10 of 17
Answer Stats
Hint Answer % Correct
The first rule of Fight Club is you do not.... Talk about Fight Club
96%
The Narrator's illness, making him unable to sleep for six months Insomnia
90%
Former bodybuilder that got testicular cancer due to his excessive use of steroids Robert ''Bob'' Paulson
77%
What are the Narrator and Tyler Durden revealed to be after a plot twist? The same person
74%
Substance made by Tyler Durden, known as the ''yardstick of civilization'' Soap
73%
''You met me at a very _____ time in my life.'' Strange
68%
Song by the Pixies played at the ending of the movie Where Is My Mind?
68%
When asked to hit him, where did the Narrator hit Tyler? In the ear
63%
Project created by Tyler to destroy aspects of modern society associated with consumerism and materialism Project Mayhem
63%
''Everything is a ___ of a ___ of a ___'' Copy
60%
''The Big Tourist'', this depressive lady's lie reflected the Narrator's lie Marla Singer
60%
Fight Club's Director, also known for Seven, Zodiac and Gone Girl David Fincher
43%
Which rock opera singer, known for his Bat Out of Hell album trilogy was the above character played by? Meat Loaf
36%
Durden's street, its name being defined as a road or street appearing on maps, but not existing in reality Paper Street
28%
Blonde Fight Club member played by Jared Leto Angel Face
26%
Woman with cancer and a desire to get laid for one last time Chloe
22%
Author of the novel the movie was based on Chuck Palahniuk
21%
No matching quizzes found
Score Distribution
Percent of People with Each Score
Percentile by Number Answered
Your Score History
You have not taken this quiz